[Event "Candidates Tournament"]
[Site "Moscow"]
[Date "2016.03.19"]
[Round "7"]
[White "Giri, Anish"]
[Black "Anand, Viswanathan"]
[Result "1/2-1/2"]
[WhiteElo "2793"]
[BlackElo "2762"]
[Annotator "Sumets,A"]
[PlyCount "61"]
[EventDate "2016.03.11"]
[EventType "tourn"]
[EventRounds "14"]
[EventCountry "RUS"]
[EventCategory "22"]
[SourceTitle "CBM 172"]
[Source "ChessBase"]
[SourceDate "2016.05.12"]
[SourceVersion "1"]
[SourceVersionDate "2016.05.12"]
[SourceQuality "1"]

1. d4 Nf6 2. c4 e6 3. Nf3 d5 4. Nc3 Nbd7 5. Qc2 {Is this going to become the
main line? Up to the moment, 5.Bg5, 5.Bf4 and 5.cxd5 have been more popular.}
Bb4 {This is a very rare line, that reminds one of the Ragozin Variation.
Including Qc2 and ...Bb4 seems to be in White's favour, however Vishy has
played it twice and he could be satisfied with the results of the openings.} (
5... dxc4 6. e4 c5 7. dxc5 Bxc5 8. Bxc4 Qc7 9. Qe2 a6 10. O-O Bd6 (10... b5 11.
Bd3 (11. Bb3 $1) 11... Bd6 12. Bg5 h6 13. Bh4 (13. Bxf6 gxf6 14. Rac1 Qb8 15.
Rfd1 Ne5 16. g3 Bd7 $13) 13... g5 14. Bg3 Bxg3 15. hxg3 g4 16. Nh4 Bb7 $132 {
Khismatullin,D (2674)-Shariyazdanov,A (2572) 1-0 (35)Khanty-Mansiysk 2013}) 11.
Bb3 O-O 12. Rd1 Ne5 13. Nd4 Bd7 14. Bf4 Rad8 15. Bg3 $14 {Bukavshin,I (2657)
-Khismatullin,D (2654) 1-0 (35) Khanty-Mansiysk RUS 2015}) (5... c6 {leads to
the Slav Defence.}) (5... Be7 6. cxd5 exd5 7. Bf4 c6 {leads to the Queen's
Gambit Declined. Thanks to his bishop on f4, White can get an extra tempo. I
consider this line in White's favour.}) 6. a3 (6. cxd5 exd5 7. a3 (7. Bg5 c6 8.
e3 O-O 9. Bd3 h6 10. Bh4 Be7 {It seems that White is doing well. He has an
extra tempo compared with theoretical lines.} 11. O-O ({I think that White
should have tried} 11. h3 {or even 11.0-0-0}) 11... Re8 12. Rab1 a5 13. a3 Ne4
14. Bxe7 Qxe7 15. b4 axb4 16. axb4 b5 17. Bxe4 (17. Ra1 $5 Rxa1 18. Rxa1 Nd6
19. h3 {White is slightly better}) 17... dxe4 18. Nd2 Nf6 19. Rfc1 Bd7 20. Nb3
Qxb4 21. Nc5 Qa5 22. N3xe4 Nxe4 23. Nxe4 Qa2 24. Rb2 Qd5 25. Nc5 Bf5 26. Qc3
Qd6 27. f3 Be6 28. Ne4 {Four years later Alexander Beliavsky tried to find an
improvement but he didn't succeed.} (28. Rbb1 Ra2 29. Ra1 Rea8 30. Ne4 Qa3 31.
Rxa2 Qxa2 32. h4 Ra3 33. Qe1 Qb2 34. Kh2 Bd5 $17 {Beliavsky,A (2626)-Koneru,H 
(2537) 1/2 (60) Wijk aan Zee 2006}) 28... Qe7 29. Ng3 Ra3 30. Qe1 Bc4 31. e4
Qa7 32. Rd2 Rd8 33. Nf5 Be6 $15 {Sasikiran,K (2650)-Koneru,H (2473) 1/2 (45)
Torquay 2002}) 7... Bxc3+ 8. Qxc3 Ne4 9. Qc2 O-O 10. e3 (10. Bf4 {looks a bit
dangerous for White:} c5) 10... Re8 11. b3 c6 12. Bd3 Nf8 {Black's
light-squared bishop is heading to f5 and we can state that Black has got a
comfortable position.} 13. Bb2 Bf5 14. O-O Qf6 $1 15. Ne5 Nd6 16. Rae1 Bxd3 17.
Nxd3 (17. Qxd3 Qe6 18. f3 f6 19. Ng4 Ng6 $11) 17... Qg6 18. f3 f6 19. a4 Ne6
20. Qd2 h5 21. Ba3 Nf5 $15 {Topalov,V (2780)-Anand,V (2762) 1/2 (51) Moscow
RUS 2016}) (6. Bg5 c5 (6... h6 7. Bxf6 Bxc3+ (7... Nxf6 $4 8. Qa4+ $18) 8. Qxc3
Nxf6 9. e3 $14) 7. cxd5 exd5 8. a3 Bxc3+ 9. Qxc3 O-O 10. Nd2 h6 11. Bf4 Nb6 $2
(11... c4 12. b3 b5 13. a4 Ba6 14. axb5 Bxb5 15. e3 Nb6 16. Be2 Qd7 (16... a6
17. O-O Rc8 $13) 17. Be5 Ng4 18. Bg3 Rfc8 19. bxc4 $6 (19. Qa5 $1 Nf6 20. O-O
Qc6 21. Rfb1 $16) 19... dxc4 $2 (19... Nxc4 20. Nxc4 Bxc4 21. Bxc4 Rxc4 22. Qa5
Nf6 23. O-O Ne4 $11) 20. O-O $16 {Dreev,A (2682)-Milov,V (2632) 1-0 (69)
playchess.com INT 2004}) (11... b6 $5 12. e3 cxd4 13. Qxd4 Nc5 14. Be5 Ne6 15.
Qh4 Nd7 16. Qxd8 Rxd8 17. Bc3 Ndc5 {Black is OK.}) 12. a4 $2 (12. dxc5 $1 d4
13. Qd3 Nbd5 14. Bd6 Re8 15. Qxd4 Ne7 16. g4 $1 b6 17. Rg1 $16) 12... Bg4 13.
e3 c4 $6 (13... Ne4 $1 14. Nxe4 dxe4 15. dxc5 (15. Qxc5 Rc8 16. Qd6 Nd5 17.
Qxd8 Rfxd8 18. Bg3 Nb4 $17) 15... Nd5 16. Qd2 Nxf4 17. exf4 Qc7 18. Bc4 Rfd8
19. Qc3 Rac8 20. O-O (20. b4 a5 21. O-O axb4 22. Qxb4 Qxc5 $11) 20... Qxc5 $11)
14. a5 (14. h3 Bh5 15. a5 Nbd7 16. b3 $14) 14... Nbd7 15. f3 Bf5 16. Be2 Re8
17. g4 Bh7 18. O-O Qe7 $132 {(35) Sachdev,T (2422)-Bakre,T (2452) 0-1 Pune 2014
}) 6... Bxc3+ 7. Qxc3 O-O ({Black can't get an equal position after} 7... Ne4
8. Qc2 O-O 9. g3 {(e3 and Bd3 would look natural)} c6 (9... b6 10. Bg2 Bb7 11.
cxd5 exd5 12. O-O $14) 10. Bg2 f5 11. O-O Qe7 12. b3 Kh8 13. a4 Qf6 14. Bf4 $16
{Jussupow,A (2555)-Handoko,E (2420)1-0 (41) Indonesia 1983}) 8. Bg5 h6 9. Bh4
c5 10. e3 cxd4 $146 (10... b6 11. cxd5 exd5 12. Nd2 Qe7 13. Rc1 {It is not
easy to evaluate a computer game but I would recommend Bb5:} (13. Bb5 Qe6 14.
O-O a6 15. Be2 Bb7 16. dxc5 bxc5 17. Bxf6 Qxf6 18. Qxf6 Nxf6 19. Rfc1 $14)
13... Qe6 14. Bd3 g5 15. Bg3 Nh5 16. O-O Nxg3 17. hxg3 c4 18. Be2 Nf6 $13 {
Rajlich (2600)-New Man (2618) 1/2 (87) playchess.com INT 2007}) 11. Qxd4 Re8
12. Bxf6 $11 {Anish didn't want to check Anand's preparation after 12.cxd5 e5
and went for a dull, drawish endgame. In fact he proposed a draw after 12.Bxf6.
} (12. cxd5 e5 $1 {If Black doesn't want to play a worse position, this is the
only choice. White can choose between 13.Qc3, 13.Qd2, 13.Qd1 and 13.Bxf6. The
resulting positions are very complicated. I believe that White has better
chances and Black's strategy is risky.} ({Black shouldn't play} 12... Qa5+ $6
13. b4 Qxd5 {White has many pleasant options. For instance} 14. Be2 e5 15. Qb2
Ne4 16. O-O Nb6 17. Rfd1 $14) (12... exd5 $6 13. Bd3 $16) 13. Bxf6 (13. Qc3
Nxd5 14. Bxd8 Nxc3 15. bxc3 (15. Bc7 Nd5 16. Rc1 Nxc7 17. Rxc7 {It seems that
White has an advantage but everything isn't so easy.} Nb6 $1 18. Bb5 Rd8 19.
Ke2 Bf5 (19... Be6 $5 20. Rxb7 Nc4 21. Rc7 $6 (21. Ba6 $6 e4 22. Nd4 Bg4+ 23.
f3 exf3+ 24. gxf3 Bc8 $17) (21. Ba4 Nb6 22. Bb5 (22. Bd1 Bc4+ 23. Ke1 Rac8 24.
Nxe5 Ba6 25. Rxa7 Rc1 $17) 22... Nc4 $11) 21... Rab8 $1 22. Bxc4 Rxb2+ 23. Kf1
Rc2 24. Bxe6 Rxc7 $17) 20. Rhc1 Rd5 (20... Nd5 21. R7c5 b6 22. R5c4 f6 23. Bc6
Ne7 24. Bxa8 Bd3+ 25. Ke1 Bxc4 26. Rxc4 Rxa8 27. Rc7 $14) 21. R1c5 Rxc5 22.
Rxc5 f6 $11) (15. Bh4 Ne4 16. Rd1 a6 17. Bd3 Ndc5 $11) 15... Rxd8 16. Rd1 Rf8
$8 17. Bb5 Nc5 18. Nxe5 Be6 19. O-O Rac8 $44) (13. Qd2 g5 14. Bg3 g4 15. Nh4
Ne4 16. Qc2 Ndf6 {The position which has arisen is very complicated. White can
try 17.Bd3 or 17.Bc4:} 17. Bd3 (17. Bc4 b5 (17... Qd6 $5 18. O-O Bd7 19. Rad1
Rac8 $44 {Due to White's knight on h4, Black has compensation for the pawn})
18. Bd3 Qxd5 19. O-O Be6 20. Rfd1 Rac8 21. Qe2 Qc5 22. Bxb5 Red8 $44) 17...
Qxd5 18. f3 (18. Rd1 Be6 19. O-O Rac8 20. Qb1 $13) 18... Nxg3 19. Bc4 Qxc4 $8
20. Qxc4 Nxh1 21. Kf1 Be6 22. Qe2 e4 23. Kg1 exf3 24. gxf3 Bd5 25. Kxh1 Re5 $44
) (13. Qd1 {I think White should choose between 13.Qd1 and 13.Bxf6 Qxf6 14.Qb4.
} Qa5+ (13... Qb6 $5 14. Qd2 Nc5 15. Bc4 Nfe4 16. Qb4 Nd6 17. Qxb6 axb6 18. Be2
Bf5 19. O-O Nb3 20. Rae1 Be4 $44) 14. Qd2 $1 (14. b4 Qxd5 15. Qc2 (15. Qxd5 $6
Nxd5 16. Nd2 N7b6 17. Rc1 Be6 18. Ne4 Rec8 $15 {White can't finish his
development}) 15... Qe4 16. Rc1 (16. Bd3 $6 Qg4 {White is in trouble.}) 16...
Qxc2 17. Rxc2 a5 $132) 14... Qxd2+ 15. Nxd2 Nxd5 16. Rc1 N7b6 17. Ne4 f6 18.
Nc5 Re7 19. Bd3 Rc7 20. Ke2 $14) 13... Qxf6 14. Qb4 $5 {White is intending to
play e4} (14. Qc3 Qg6 15. h4 $5 {The h-pawn can help White to finish his
development.} (15. Nd2 Nf6 16. d6 Bd7 17. Rd1 Rac8 18. Qd3 e4 19. Qd4 Rc2 $44)
15... e4 16. h5 Qf5 17. Nd4 Qg5 (17... Qxd5 $4 18. Nb5 $18) 18. d6 Ne5 $5 (
18... Nf6 19. Qb3 Qa5+ (19... Bg4 $6 20. Qb5 Qxb5 21. Nxb5 Rad8 22. Nxa7 Rxd6
23. Nb5 Rc6 24. Nd4 Rb6 25. b4 Bxh5 26. b5 $16) 20. Qb4 Qxb4+ 21. axb4 Rd8 22.
Nb5 a6 23. Rh4 Bg4 24. Nc3 Bxh5 25. Nxe4 Nxe4 26. Rxh5 Rxd6 27. Re5 $14) 19.
Bb5 Rd8 (19... Qxg2 $6 20. O-O-O Bg4 (20... Rd8 $2 21. Rdg1 Qxf2 22. Ne6 $1
Bxe6 23. Qxe5 $18) 21. Rdg1 Qxf2 22. Bxe8 $16) 20. Qc2 Qxg2 21. O-O-O Bh3 $1
22. Rhg1 Rac8 23. Rxg2 Rxc2+ 24. Kxc2 Bxg2 25. Nf5 Bf3 26. Rd5 f6 27. Nd4 Bg4
$11) 14... Qg6 15. Nd2 Nb6 (15... Nf6 16. e4 Bd7 17. g3 $16) (15... e4 16. g3
Nb6 17. d6 Bd7 18. Nc4 $16) 16. e4 f5 17. Bb5 Qxg2 18. O-O-O Bd7 19. Bxd7 Nxd7
20. f3 $14) 12... Nxf6 13. cxd5 Nxd5 {It seems to me this continuation is a
little bit stronger than 13...Qd5 but I don't think that Vishy would lose the
position after} (13... Qxd5 14. Qxd5 Nxd5 15. Bb5 Re7 $11) 14. Be2 Nf6 (14...
e5 $5 15. Qc5 (15. Nxe5 Qa5+ 16. b4 (16. Kf1 Nxe3+ 17. fxe3 Rxe5 18. Kf2 Bf5
$15) 16... Nxe3 $1 17. fxe3 (17. Qxe3 Qxe5 18. Qxe5 Rxe5 19. f3 Be6 20. Kf2 $11
) 17... Qxe5 18. Qxe5 Rxe5 19. Kf2 $11) 15... e4 16. Rd1 Be6 17. Nd4 Qg5 18. g3
Bh3 {seems to be good for Black.}) 15. Qxd8 {Other continuations don't promise
any advantage to White.} (15. O-O Qxd4 16. Nxd4 Bd7 17. Rac1 e5 18. Nf3 Bc6 $11
) (15. Qe5 Bd7 16. O-O Qb6 17. Rac1 Rac8 $11) (15. Qb4 Nd5 16. Qd2 b6 (16...
Nf6 $11) 17. O-O Bb7 18. Rac1 Qe7 $11) 15... Rxd8 16. O-O {White can't finish
his development with the king in the centre.} Bd7 17. Rfc1 Rac8 18. Kf1 Kf8 19.
Ke1 Ke7 $11 20. Ne5 Rxc1+ {It's time to trade rooks.} 21. Rxc1 Rc8 22. Rxc8
Bxc8 {Now it's time to offer a draw.} 23. f4 Nd7 24. Nxd7 Bxd7 25. Kd2 Kd6 26.
Kc3 e5 27. g3 b6 28. Bc4 f6 29. b4 g5 30. h4 gxh4 31. gxh4 1/2-1/2

[Event "EU-ch 10th"]
[Site "Budva"]
[Date "2009.03.16"]
[Round "10"]
[White "Dreev, Alexey"]
[Black "Wojtaszek, Radoslaw"]
[Result "1/2-1/2"]
[WhiteElo "2688"]
[BlackElo "2608"]
[Annotator "Wojtaszek,R"]
[PlyCount "83"]
[EventDate "2009.03.06"]
[EventType "swiss"]
[EventRounds "11"]
[EventCountry "MNE"]
[SourceTitle "CBM 130"]
[Source "ChessBase"]
[SourceDate "2009.05.20"]
[SourceVersion "1"]
[SourceVersionDate "2009.05.20"]
[SourceQuality "1"]

1. d4 Nf6 2. c4 e6 3. Nc3 Bb4 4. Qc2 O-O 5. a3 Bxc3+ 6. Qxc3 d5 $5 {This rare
line is becoming very popular nowadays.} 7. Bg5 (7. Nf3 dxc4 {transposes to
the other lines, but Black was able to avoid lines with Bf4 and without Nf3.})
(7. cxd5 Ne4 (7... exd5 $6 8. Bf4 {White was better in Botcharov-Gajewski,
Aeroflot Open 2009.}) 8. Qc2 exd5 9. e3 Bf5 10. Bd3 c5 {and Black easily
equalized in Kramnik-Anand, Amber 2009.}) 7... c5 $146 {A novelty in this
particular position, but of course the idea is well-known in the Nimzo.} (7...
h6 $5 8. Bxf6 Qxf6 9. e3 dxc4 10. Qxc4 (10. Bxc4 {looked more natural.}) 10...
e5 $11 {Figura,A-Naiditsch,A, Bundesliga 2008}) 8. dxc5 d4 9. Qc2 e5 10. e4 $6
{After this innacurate move Black can even fight for the advantage.} ({Two
weeks later Morozevich played} 10. Nf3 {against Anand in Amber, but after} Re8
11. e3 h6 12. Bxf6 Qxf6 {Black was OK.}) 10... a5 11. f4 {White has to play
actively now.} (11. Nf3 $6 Nbd7 12. Bd3 Re8 13. O-O a4 $1 {followed by ...Nxc5
and Black is better.}) 11... h6 12. Bh4 (12. fxe5 $2 hxg5 13. exf6 Qxf6 14.
O-O-O Nc6 $15) 12... exf4 13. O-O-O Nc6 14. Nf3 Re8 $1 (14... Bg4 15. e5 $1
Bxf3 16. gxf3 Nxe5 17. Qf5 Re8 18. Bxf6 Qxf6 19. Qxf6 gxf6 20. Rxd4 $14 {
and White has some advantage, although Black should be able to defend.}) 15. e5
Nxe5 16. Rxd4 Qe7 17. Bd3 $6 ({During the game I calculated also} 17. Nxe5 Qxe5
18. Bxf6 Qxf6 19. Qf2 f3 $1 20. gxf3 Bf5 $44) 17... Qxc5 18. Bxf6 (18. Bf2 $2
Nxd3+ $1 19. Qxd3 Bf5 $17) 18... gxf6 19. Rd1 Nxd3+ 20. Qxd3 Bf5 21. Rd5 Bxd3
22. Rxc5 Be4 $15 {Black is slightly better here, but it's not easy to prove
anything because of the pawn structure.} 23. Rd4 Re6 24. Rh5 f5 25. Rh4 Rg6 26.
Nd2 Bc6 $6 ({Black had good winning chances after} 26... Rxg2 $1 27. Rxf4 (27.
Nxe4 fxe4 28. Rxf4 e3 29. Rde4 Re2 $17) 27... Rg1+ 28. Rf1 Rxf1+ 29. Nxf1 Re8
$17) (26... f3 $6 27. g3 $1 Re8 28. Rf4 $11) 27. Rhxf4 Rxg2 28. Rxf5 Rxh2 29.
Ne4 $1 {This is the move which I missed. White has activated his knight and
Black can't defend all the pawns.} Rg2 (29... Bxe4 30. Rxe4 b6 31. Re7 Rc8 32.
Rfxf7 Rxc4+ 33. Kb1 Rg4 34. Rf6 $11) 30. Nd6 Rd8 $5 {I wasn't sure if that was
a good move, but I wanted to keep playing because of my opponent's time
trouble.} (30... Rg1+ 31. Kc2 Rg2+ 32. Kc1 Rg1+ $11) 31. Rxa5 Rg6 32. Nf5 Re8
$6 {Not the best decision as I was also running out of time already.} (32...
Rxd4 33. Nxd4 Rg4 34. Nxc6 Rxc4+ 35. Kd2 Rxc6 36. b4 {and White will hold this
easily.}) 33. Kd2 Rg2+ 34. Kc3 Ree2 35. b3 $6 (35. Rg4+ $1 Kh7 36. Rxg2 Rxg2
37. b4 $14) 35... Kh7 36. Rh4 Rg6 37. Nd4 Re4 38. Rah5 Rg3+ 39. Kb4 Rxh4 40.
Rxh4 Bd7 41. Kc5 Kg6 42. a4 {... and my opponent offered me a draw. It's funny
because neither of us was sure about the evaluation of this position. Black's
R+B should be better than R+N, on the other hand White has connected pawns. I
wasn't in a gambling mood so I decided to accept. I calculated something like
42...h5 43.a5 Kg5 44.Rh1 h4 45.b4 h3 with an unclear position.} 1/2-1/2

[Event "Norway Chess 6th"]
[Site "Stavanger"]
[Date "2018.06.02"]
[Round "5"]
[White "Mamedyarov, Shakhriyar"]
[Black "Nakamura, Hikaru"]
[Result "1/2-1/2"]
[WhiteElo "2808"]
[BlackElo "2769"]
[Annotator "Yermolinsky,A"]
[PlyCount "47"]
[EventDate "2018.05.28"]
[EventType "tourn"]
[EventRounds "9"]
[EventCountry "NOR"]
[EventCategory "22"]
[SourceTitle "CBM 185"]
[Source "ChessBase"]
[SourceDate "2018.07.13"]
[SourceVersion "1"]
[SourceVersionDate "2018.07.13"]
[SourceQuality "1"]

1. d4 Nf6 2. c4 e6 3. Nc3 Bb4 4. Qc2 {Lately it seems every time Shakh plays
this move the game ends in a quick draw.} ({Are the glory days of} 4. f3 {
completely gone?}) 4... O-O 5. a3 Bxc3+ 6. Qxc3 d5 7. Bg5 dxc4 8. Qxc4 b6 9.
Rd1 {A little twist} ({on the usual} 9. Nf3 Ba6 {but essentially the same
thing.}) 9... Ba6 10. Qa4 h6 11. Bh4 Qe7 12. Nf3 Rd8 13. e3 ({Morozevich tried
to spice up the otherwise dull position by introducing} 13. g4 {lost to Leko
in 2014 and beat Oparin in 2015. I guess now, as the element of surprise is
gone, there are no takers.}) 13... Bxf1 14. Rxf1 c5 15. dxc5 Rxd1+ 16. Qxd1 g5
{The first independent move, but it was very predictable, being the engine's
#1 choice.} (16... bxc5 17. Ne5 Qc7 18. Bxf6 gxf6 {Guseva-Kashlinskaya, 2016,
gave White some initiative albeit the game also ended peacefully.}) 17. Bg3
Qxc5 18. Qd8+ Kg7 19. Be5 Qc1+ 20. Ke2 Qc4+ 21. Ke1 Qc1+ 22. Ke2 Qc4+ 23. Ke1
Qc1+ 24. Ke2 1/2-1/2